The Environment : (Record no. 11610)
[ view plain ]
| 000 -LEADER | |
|---|---|
| fixed length control field | 00874nam a22002772 4500 |
| 001 - CONTROL NUMBER | |
| control field | 0000025084 |
| 005 - DATE AND TIME OF LATEST TRANSACTION | |
| control field | 20151217154514.0 |
| 008 - FIXED-LENGTH DATA ELEMENTS--GENERAL INFORMATION | |
| fixed length control field | 141118s xx 000 0 eng d |
| 020 ## - INTERNATIONAL STANDARD BOOK NUMBER | |
| International Standard Book Number | |
| Terms of availability | |
| 040 ## - CATALOGING SOURCE | |
| Original cataloging agency | KABU |
| Transcribing agency | KABU |
| 050 #0 - LIBRARY OF CONGRESS CALL NUMBER | |
| Classification number | |
| Item number | |
| 100 1# - MAIN ENTRY--PERSONAL NAME | |
| Personal name | Wali, Mohan K., |
| Dates associated with a name | |
| -- | 0000185485 |
| 245 14 - TITLE STATEMENT | |
| Title | The Environment : |
| Remainder of title | science, issues, and solutions / |
| Statement of responsibility, etc. | Mohan K. Walim, Fatih Evrendilek, M. Siobhan Fennessy. |
| 250 ## - EDITION STATEMENT | |
| Edition statement | |
| 260 ## - PUBLICATION, DISTRIBUTION, ETC. (IMPRINT) | |
| Place of publication, distribution, etc. | Boca Raton : |
| Name of publisher, distributor, etc. | CRC Press, |
| Date of publication, distribution, etc. | 2010. |
| 300 ## - PHYSICAL DESCRIPTION | |
| Extent | xxi, 619 p. : |
| Other physical details | |
| Dimensions | |
| 500 ## - GENERAL NOTE | |
| General note | |
| 504 ## - BIBLIOGRAPHY, ETC. NOTE | |
| Bibliography, etc | |
| 650 #0 - SUBJECT ADDED ENTRY--TOPICAL TERM | |
| Topical term or geographic name as entry element | Environmental education. |
| -- | 0000149811 |
| 650 #0 - SUBJECT ADDED ENTRY--TOPICAL TERM | |
| Topical term or geographic name as entry element | Environmental sciences. |
| General subdivision | Study and teaching (Higher) |
| -- | 0000185486 |
| 650 #0 - SUBJECT ADDED ENTRY--TOPICAL TERM | |
| Topical term or geographic name as entry element | |
| 700 1# - ADDED ENTRY--PERSONAL NAME | |
| Personal name | Evrendilek, Fatih, |
| Dates associated with a name | |
| -- | 0000185487 |
| 700 1# - ADDED ENTRY--PERSONAL NAME | |
| Personal name | Fennessy, M. Siobhan. |
| -- | 0000185488 |
| 852 1# - LOCATION | |
| -- | p10,660 KES |
| 908 ## - PUT COMMAND PARAMETER (RLIN) | |
| Put command parameter | 141118 |
| Withdrawn status | Lost status | Source of classification or shelving scheme | Not for loan | Home library | Current library | Date acquired | Total Checkouts | Full call number | Barcode | Date last seen | Date last checked out | Price effective from | Koha item type |
|---|---|---|---|---|---|---|---|---|---|---|---|---|---|
| Library of Congress Classification | Kabarak, Main Campus | Kabarak, Main Campus | 17/12/2015 | 3 | GE70 .W35 2010 c.1 | 017245 | 03/11/2022 | 17/10/2022 | 17/12/2015 | General Collection |